Vplyv výroby a technológie na životné prostredie bakalárska práca

Enregistré dans:
Détails bibliographiques
Auteur principal: Šimková, Kristína
Collectivité auteur: Fakulta podnikového manažmentu EU. Katedra manažmentu výroby a logistiky - zrušená
Autres auteurs: Rakovská, Júlia, 1972-
Format: Livre
Langue:slovaque
Publié: Bratislava 2021
Tags: Ajouter un tag
Pas de tags, Soyez le premier à ajouter un tag!

MARC

LEADER 00000nbm a2200000 4500
001 0275861
005 20211109102826.4
041 0 |a slo 
044 |a SK 
245 1 0 |a Vplyv výroby a technológie na životné prostredie  |b bakalárska práca  |c Kristína Šimková ; školiteľ: Júlia Rakovská 
264 1 |a Bratislava  |c 2021 
300 |a 51 s. 
100 1 |a Šimková, Kristína 
700 1 |a Rakovská, Júlia, 1972- 
710 2 |a Fakulta podnikového manažmentu EU. Katedra manažmentu výroby a logistiky - zrušená